The egalitarian face of Islamic orthodoxy: support for Islamic law and economic justice in seven Muslim-majority nations (Record no. 72187)

000 -LEADER
fixed length control field 00475pab a2200157 454500
008 - FIXED-LENGTH DATA ELEMENTS--GENERAL INFORMATION
fixed length control field 180718b2006 xxu||||| |||| 00| 0 eng d
100 ## - MAIN ENTRY--PERSONAL NAME
Personal name Davis, Nancy J.
245 ## - TITLE STATEMENT
Title The egalitarian face of Islamic orthodoxy: support for Islamic law and economic justice in seven Muslim-majority nations
260 ## - PUBLICATION, DISTRIBUTION, ETC.
Date of publication, distribution, etc. 2006
300 ## - PHYSICAL DESCRIPTION
Extent P.167-190.
362 ## - DATES OF PUBLICATION AND/OR SEQUENTIAL DESIGNATION
Dates of publication and/or sequential designation Apr
650 ## - SUBJECT ADDED ENTRY--TOPICAL TERM
Topical term or geographic name entry element Islamic law
700 ## - ADDED ENTRY--PERSONAL NAME
Personal name Robinson, Robert V.
773 ## - HOST ITEM ENTRY
Main entry heading American Sociological Review
909 ## -
-- 72187
Holdings
Withdrawn status Lost status Damaged status Not for loan Permanent Location Current Location Date acquired Serial Enumeration / chronology Barcode Date last seen Price effective from Koha item type
        Indian Institute of Public Administration Indian Institute of Public Administration 2018-07-19 Volume no: 71, Issue no: 2 AR72647 2018-07-19 2018-07-19 Articles

Powered by Koha